00329nam a2200133Ia 4500008004100000020001500041041001200056082001600068100001000084245004000094260003800134300000800172650001500180221030s9999 xx 000 0 und d a8173711135 aEnglish a105.23bTru aTrust 0aStrategic Financial Risk Management bUniversity PressaHyderabadc2000 a186 aManagement